| 000 | 00770cam a22002412 4500 | ||
|---|---|---|---|
| 001 | 0000001317 | ||
| 005 | 20151217145724.0 | ||
| 008 | 070305s xx 000 0 eng d | ||
| 020 | _a0030268478 : | ||
| 040 |
_aKABU _cKABU |
||
| 050 | 0 |
_aHB172 _b.B38 2000 |
|
| 100 | 1 |
_aBaumol, William J. _@0000149958 |
|
| 245 | 1 | 0 |
_aMicroeconomics : _bprinciples and policy / _cWilliam J. Baumol, Alan S. Blinder. |
| 250 | _a8th ed. | ||
| 260 |
_aFort Worth : _bDryden Press, Harcourt College Publishers, _cc2000. |
||
| 300 |
_axxx, 524 p. : _bcol. ill. ; _c28 cm. |
||
| 500 | _aIncludes index. | ||
| 650 | 0 |
_aMicroeconomics. _@0000149944 |
|
| 700 | 1 |
_aBlinder, Alan S. _@0000149959 |
|
| 908 | _a070305 | ||
| 950 | _@1 | ||
| 999 |
_c1895 _d1895 |
||